The elusive promise of NGOs in Africa: (Record no. 3369)

MARC details
000 -LEADER
fixed length control field 00536nam a2200193 4500
003 - CONTROL NUMBER IDENTIFIER
control field OSt
005 - DATE AND TIME OF LATEST TRANSACTION
control field 20160331155347.0
008 - FIXED-LENGTH DATA ELEMENTS--GENERAL INFORMATION
fixed length control field 160331b xxu||||| |||| 00| 0 eng d
020 ## - INTERNATIONAL STANDARD BOOK NUMBER
International Standard Book Number 0333710711
040 ## - CATALOGING SOURCE
Transcribing agency 040a
082 ## - DEWEY DECIMAL CLASSIFICATION NUMBER
Classification number 060.676
Item number DIC 1998
100 ## - MAIN ENTRY--PERSONAL NAME
Personal name Dicklitch, Susan
9 (RLIN) 7545
245 ## - TITLE STATEMENT
Title The elusive promise of NGOs in Africa:
Remainder of title lessons from Uganda /
Statement of responsibility, etc. Susan Dicklitch
260 ## - PUBLICATION, DISTRIBUTION, ETC. (IMPRINT)
Place of publication, distribution, etc. Hampshire
Name of publisher, distributor, etc. Palgrave
Date of publication, distribution, etc. 1998
300 ## - PHYSICAL DESCRIPTION
Extent xiv, 294p;
Other physical details ill :
Dimensions 12 cm.
504 ## - BIBLIOGRAPHY, ETC. NOTE
Bibliography, etc Includes index
650 ## - SUBJECT ADDED ENTRY--TOPICAL TERM
Topical term or geographic name as entry element NGOs
9 (RLIN) 7095
942 ## - ADDED ENTRY ELEMENTS (KOHA)
Source of classification or shelving scheme Dewey Decimal Classification
Koha item type Short Loan
Holdings
Withdrawn status Lost status Source of classification or shelving scheme Damaged status Not for loan Home library Current library Date acquired Inventory number Total Checkouts Full call number Barcode Date last seen Price effective from Koha item type
    Dewey Decimal Classification     MUST Main Library MUST Main Library 31/03/2016 2003/19907   060.676 DIC 1998 2016-0578 31/03/2016 31/03/2016 Short Loan